[Event "IX Floripa Chess Open Fort Atacadista"]
[Site "Florianópolis - Santa Catari"]
[Date "2023.01.25"]
[Round "4.150"]
[White "Guerreiro, Heitor Koffermann"]
[Black "Melo, Igor De Souza"]
[Result "1/2-1/2"]
[WhiteElo "1313"]
[BlackElo "1749"]
[PlyCount "55"]
[EventDate "2023.01.23"]
[EventRounds "10"]
[EventCountry "BRA"]

1. d4 d5 2. c4 e6 3. Nf3 Nf6 4. g3 dxc4 5. Bg2 Nc6 6. Qa4 Bb4+ 7. Bd2 Nd5 8.
Bxb4 Ndxb4 9. a3 b5 10. Qd1 Nd5 11. a4 b4 12. e4 Nf6 13. Qc2 Nxd4 14. Qxc4
Nxf3+ 15. Bxf3 a5 16. O-O O-O 17. Rc1 Bb7 18. Rd1 Qe7 19. Nd2 e5 20. Rac1 Rfc8
21. Nb3 c5 22. Bg2 Rc7 23. Qb5 Bxe4 24. Nxc5 Bxg2 25. Kxg2 Rac8 26. Nd3 Rxc1
27. Rxc1 Rxc1 28. Nxc1 1/2-1/2

[Event "IX Floripa Chess Open Fort Atacadista"]
[Site "Florianópolis - Santa Catari"]
[Date "2023.01.25"]
[Round "4.151"]
[White "Reinaldo Dos Santos, Julio"]
[Black "Martins, Marlos Da Rosa"]
[Result "1-0"]
[WhiteElo "1749"]
[BlackElo "1276"]
[PlyCount "71"]
[EventDate "2023.01.23"]
[EventRounds "10"]
[EventCountry "BRA"]

1. d4 Nf6 2. c4 g6 3. Nc3 Bg7 4. e4 d6 5. Be2 O-O 6. Nf3 Nbd7 7. O-O e5 8. d5
h6 9. Ne1 Qe7 10. Be3 a5 11. Nd3 b6 12. a3 Nc5 13. Nxc5 bxc5 14. Qd2 Kh7 15. b4
axb4 16. axb4 Rxa1 17. Rxa1 cxb4 18. Nb5 Nxe4 19. Qxb4 Nf6 20. Ra7 Ne8 21. Bb6
Qg5 22. Be3 Qd8 23. Qa5 f6 24. Nxc7 Nxc7 25. Qxc7 Qxc7 26. Rxc7 Kg8 27. Rc6 Bb7
28. Rxd6 Ra8 29. h3 Ra2 30. Bf3 Rc2 31. c5 Bf8 32. Rd8 Ba6 33. Rb8 Kg7 34. d6
f5 35. d7 f4 36. d8=Q 1-0

[Event "IX Floripa Chess Open Fort Atacadista"]
[Site "Florianópolis - Santa Catari"]
[Date "2023.01.25"]
[Round "4.152"]
[White "Ramazzotte, Esther Zilli"]
[Black "Hirano, Enzo Erich Kreutz"]
[Result "0-1"]
[WhiteElo "1291"]
[BlackElo "1741"]
[PlyCount "80"]
[EventDate "2023.01.23"]
[EventRounds "10"]
[EventCountry "BRA"]

1. d4 Nf6 2. c4 e6 3. Nf3 d5 4. Bg5 h6 5. Bh4 Bb4+ 6. Nc3 O-O 7. e3 Nbd7 8.
cxd5 exd5 9. Bd3 Re8 10. O-O Bxc3 11. bxc3 b6 12. Bb5 g5 13. Bc6 Ba6 14. Bxa8
Qxa8 15. Re1 gxh4 16. Nxh4 Qc6 17. Nf5 Kh7 18. Qf3 Qe6 19. Qh3 Ng8 20. Qg4 Qg6
21. Qf4 Re4 22. Qf3 Qg4 23. Qxg4 Rxg4 24. f3 Rg6 25. e4 dxe4 26. fxe4 Re6 27.
Re3 Bc4 28. a3 Ne7 29. d5 Re5 30. Nxe7 Rxe7 31. Rf3 Kg7 32. Rf4 b5 33. Kf2 Ne5
34. Kg3 Ng6 35. Rg4 Be2 36. Rf4 Nxf4 37. Kxf4 f6 38. a4 a6 39. axb5 axb5 40.
Ra7 Kf7 0-1

[Event "IX Floripa Chess Open Fort Atacadista"]
[Site "Florianópolis - Santa Catari"]
[Date "2023.01.25"]
[Round "4.153"]
[White "Miranda, Bianca"]
[Black "Flores, Clarice Soares Leit"]
[Result "0-1"]
[WhiteElo "1800"]
[BlackElo "1737"]
[PlyCount "82"]
[EventDate "2023.01.23"]
[EventRounds "10"]
[EventCountry "BRA"]

1. e4 c5 2. Nf3 e6 3. d3 d5 4. Nbd2 g6 5. Be2 Bg7 6. c3 Nc6 7. O-O Nge7 8. Nb3
b6 9. Bg5 h6 10. Bh4 O-O 11. Qd2 dxe4 12. dxe4 Qxd2 13. Nbxd2 g5 14. Bg3 Rd8
15. Rad1 Ng6 16. h4 g4 17. Ne1 Nge5 18. f3 gxf3 19. gxf3 Na5 20. f4 Nec4 21.
Nxc4 Rxd1 22. Bxd1 Nxc4 23. Nd3 Bb7 24. Re1 Rd8 25. Bc2 Nd2 26. Re3 Nxe4 27.
Be1 Nf6 28. Ne5 Nh5 29. f5 exf5 30. Bxf5 Re8 31. Nc4 Rxe3 32. Nxe3 Nf4 33. Bd2
Nd5 34. Ng4 Ne7 35. Bd3 h5 36. Nh2 Bf6 37. Bg5 Bxg5 38. hxg5 Ng6 39. Kf2 Kg7
40. Nf1 Nf4 41. Bc2 Nh3+ 0-1

[Event "IX Floripa Chess Open Fort Atacadista"]
[Site "Florianópolis - Santa Catari"]
[Date "2023.01.25"]
[Round "4.155"]
[White "Pimentel, Lucas Dos Santos"]
[Black "Silveira, Leonardo Eleuterio "]
[Result "0-1"]
[WhiteElo "1470"]
[BlackElo "2124"]
[PlyCount "88"]
[EventDate "2023.01.23"]
[EventRounds "10"]
[EventCountry "BRA"]

1. d4 e6 2. Nf3 Nf6 3. Bf4 d5 4. e3 c6 5. c3 Nbd7 6. Bd3 Be7 7. O-O O-O 8. h3
Re8 9. Nbd2 b6 10. Rc1 Bb7 11. c4 c5 12. cxd5 exd5 13. Bb5 a6 14. dxc5 bxc5 15.
Ba4 Bf8 16. Qb3 Qc8 17. Qc3 Bc6 18. Bxc6 Qxc6 19. Ne5 Nxe5 20. Bxe5 Nd7 21. Bg3
Nf6 22. Be5 Nd7 23. Bh2 Re6 24. Nb3 Rg6 25. Nd4 Qf6 26. Ne2 Qc6 27. Nf4 Rh6 28.
Rfd1 Nf6 29. Qd2 g5 30. Nd3 c4 31. Ne5 Qe6 32. Qe2 Bd6 33. Ng4 Bxh2+ 34. Nxh2
Rb8 35. Ng4 Nxg4 36. Qxg4 Qxg4 37. hxg4 Rxb2 38. Rxd5 Rc6 39. Rxg5+ Kf8 40. Ra5
c3 41. Rd5 c2 42. Kh2 Rb1 43. Rxc2 Rxc2 44. Rd6 Rxa2 0-1

[Event "IX Floripa Chess Open Fort Atacadista"]
[Site "Florianópolis - Santa Catari"]
[Date "2023.01.25"]
[Round "4.156"]
[White "Mendes, Ana Beatriz Dias Gu"]
[Black "Ccerhuayo Escobedo, Mels Leopold"]
[Result "0-1"]
[WhiteElo "1464"]
[BlackElo "1988"]
[PlyCount "52"]
[EventDate "2023.01.23"]
[EventRounds "10"]
[EventCountry "BRA"]

1. e4 Nf6 2. Nc3 e5 3. Nf3 Nc6 4. d4 exd4 5. Nxd4 Bb4 6. Nxc6 bxc6 7. Bd3 d5 8.
exd5 cxd5 9. O-O O-O 10. Bg5 Be6 11. Ne2 h6 12. Bh4 g5 13. Bg3 c5 14. c3 Ba5
15. f4 Ng4 16. Qc1 Bb6 17. Bb1 d4 18. fxg5 hxg5 19. cxd4 cxd4 20. Bd3 Rc8 21.
Qd2 Ne3 22. Be5 Qd5 23. Rf3 Qxe5 24. Rg3 a6 25. Re1 Bc4 26. Bb1 d3 0-1

[Event "IX Floripa Chess Open Fort Atacadista"]
[Site "Florianópolis - Santa Catari"]
[Date "2023.01.25"]
[Round "4.157"]
[White "Rodriguez Farias, Eduardo"]
[Black "Fernandini, Felipe Piacente"]
[Result "1-0"]
[WhiteElo "1919"]
[BlackElo "1451"]
[PlyCount "117"]
[EventDate "2023.01.23"]
[EventRounds "10"]
[EventCountry "BRA"]

1. e4 c5 2. d3 Nc6 3. Nf3 Nf6 4. g3 d6 5. Bg2 e6 6. O-O Be7 7. Re1 Qc7 8. Nbd2
O-O 9. h4 e5 10. Nh2 h5 11. Ndf1 Be6 12. Bg5 Ng4 13. Bf3 Nd4 14. Bxg4 Bxg4 15.
Nxg4 hxg4 16. Qxg4 Nxc2 17. Ne3 Nxe3 18. Bxe3 Qc8 19. Qf3 Qh3 20. Qg2 Qxg2+ 21.
Kxg2 b5 22. Kf3 a5 23. Ke2 f5 24. exf5 Rxf5 25. g4 Rf7 26. g5 g6 27. Rh1 Rh7
28. Kf3 d5 29. Rac1 c4 30. dxc4 bxc4 31. Rcd1 d4 32. Bc1 Kf7 33. Kg4 Ke6 34. f4
Bd6 35. Rhe1 Rah8 36. Rh1 Bc5 37. Rde1 Bd6 38. fxe5 Bc5 39. Bf4 d3 40. Bg3 Bd4
41. Rhf1 Rf7 42. Rf6+ Ke7 43. Rc6 Bxb2 44. Rxc4 Rd8 45. e6 Rf5 46. Rc7+ Ke8 47.
h5 Rd4+ 48. Kh3 Rxg5 49. e7 Rxh5+ 50. Kg2 Rd8 51. exd8=Q+ Kxd8 52. Rb7 Bc3 53.
Rf1 Bb4 54. Be1 Rg5+ 55. Kh3 Bd6 56. Rb3 Rd5 57. Bd2 Kd7 58. Rf3 Rh5+ 59. Kg4
1-0

[Event "IX Floripa Chess Open Fort Atacadista"]
[Site "Florianópolis - Santa Catari"]
[Date "2023.01.25"]
[Round "4.159"]
[White "Koinski, Carlos Cesar"]
[Black "Ribeiro, Fabiano Pinto"]
[Result "0-1"]
[WhiteElo "1450"]
[BlackElo "1865"]
[PlyCount "126"]
[EventDate "2023.01.23"]
[EventRounds "10"]
[EventCountry "BRA"]

1. Nf3 c5 2. c4 Nc6 3. g3 e5 4. Nc3 g6 5. Bg2 Bg7 6. e4 Nge7 7. d3 O-O 8. Bg5
h6 9. Bd2 d6 10. Qc1 Kh7 11. a3 a5 12. Nb5 f5 13. O-O fxe4 14. dxe4 Bg4 15. Ne1
Be2 16. f3 Bxf1 17. Bxf1 Nd4 18. Nxd4 cxd4 19. Bg2 Rc8 20. Bh3 Rc6 21. b4 d5
22. c5 dxe4 23. fxe4 b6 24. Nd3 b5 25. bxa5 Rcf6 26. Rb1 Qa8 27. Bg2 Qb8 28. a4
b4 29. Rxb4 Qc8 30. Rb6 Nc6 31. Qc4 Qg4 32. Rb1 Qe2 33. Qc2 Rf2 34. Nxf2 Rxf2
35. Bf1 Qxd2 36. Qxd2 Rxd2 37. a6 d3 38. Rb6 Nd4 39. Bg2 Ra2 40. Rb4 d2 41. Rb1
Rxa4 42. Bf1 Bf8 43. Rb7+ Kg8 44. Rb1 Bxc5 45. Kg2 Kf7 46. Rd1 Bb4 47. h3 Kf6
48. g4 Nc2 49. Kf2 Ra3 50. Ke2 Kg5 51. Rxd2 Bxd2 52. Kxd2 Nb4 53. a7 Rxa7 54.
Kc3 Nc6 55. Kc4 Nd4 56. Kd5 Kf4 57. Bc4 Rd7+ 58. Kc5 Rc7+ 59. Kd5 Rxc4 60. Kxc4
Kxe4 61. h4 Nf3 62. h5 g5 63. Kc5 Kf4 0-1

[Event "IX Floripa Chess Open Fort Atacadista"]
[Site "Florianópolis - Santa Catari"]
[Date "2023.01.25"]
[Round "4.160"]
[White "Rey, Antonio"]
[Black "Felix, Raimundo Nascimento"]
[Result "0-1"]
[WhiteElo "1434"]
[BlackElo "1848"]
[PlyCount "44"]
[EventDate "2023.01.23"]
[EventRounds "10"]
[EventCountry "BRA"]

1. c4 Nf6 2. g3 c6 3. Bg2 d5 4. cxd5 cxd5 5. d4 Nc6 6. Nf3 Bf5 7. a3 Qd7 8. h3
h6 9. Nc3 Rd8 10. Qb3 Na5 11. Qb5 Qxb5 12. Nxb5 Nb3 13. Bf4 Nxa1 14. Ne5 Rc8
15. O-O Nb3 16. Nxa7 Rc2 17. Nb5 g5 18. g4 Bh7 19. Bh2 Bg7 20. e3 O-O 21. Nc3
e6 22. Na4 Re8 0-1

[Event "IX Floripa Chess Open Fort Atacadista"]
[Site "Florianópolis - Santa Catari"]
[Date "2023.01.25"]
[Round "4.191"]
[White "Mayeregger Gonzalez, Fiorella"]
[Black "Albiero, Marco Antonio Batis"]
[Result "0-1"]
[WhiteElo "1340"]
[BlackElo "1621"]
[PlyCount "126"]
[EventDate "2023.01.23"]
[EventRounds "10"]
[EventCountry "BRA"]

1. Nf3 d5 2. c4 e6 3. e3 Nf6 4. b3 Be7 5. Bb2 O-O 6. Be2 b6 7. O-O Bb7 8. d4
Nbd7 9. Nc3 c5 10. Rc1 Rc8 11. Ne5 dxc4 12. Nxd7 Qxd7 13. dxc5 Qxd1 14. Rfxd1
Bxc5 15. Bxc4 Rfd8 16. Ne2 Nd5 17. Bxd5 Bxd5 18. Nf4 Be4 19. Kf1 Kf8 20. h4 Be7
21. Rxd8+ Rxd8 22. Ke2 Bxh4 23. f3 Bb7 24. Rd1 Ba6+ 25. Nd3 Ke7 26. a4 Bf6 27.
Ba3+ Ke8 28. b4 Bc4 29. e4 Bb3 30. Rh1 h6 31. a5 bxa5 32. bxa5 Bc4 33. Rd1 Bc3
34. Bc5 Rd7 35. Ke3 Bxa5 36. Nb2 Rxd1 37. Nxd1 a6 38. Nb2 Bb5 39. Bd4 g6 40.
Kf4 Bc7+ 41. Kg4 a5 42. f4 a4 43. Bc5 Ba5 44. Ba3 Kd7 45. Kf3 Bd2 46. g3 Kc6
47. g4 Bc1 48. f5 gxf5 49. gxf5 exf5 50. exf5 Kd5 51. Kg4 Kd4 52. Kh5 Kd5 53.
Nxa4 Bxa3 54. Nc3+ Kc4 55. Ne4 Kd4 56. Nd2 Bf8 57. Nb3+ Ke4 58. Kh4 Bg7 59. Kg4
Be2+ 60. Kh4 Kxf5 61. Nc1 Bc4 62. Kh5 Bb2 63. Kxh6 Bxc1+ 0-1

[Event "IX Floripa Chess Open Fort Atacadista"]
[Site "Florianópolis - Santa Catari"]
[Date "2023.01.25"]
[Round "4.192"]
[White "Leacina, Gisele Santiago"]
[Black "Dionisio, Alex Monteiro"]
[Result "1-0"]
[WhiteElo "1326"]
[BlackElo "1616"]
[PlyCount "79"]
[EventDate "2023.01.23"]
[EventRounds "10"]
[EventCountry "BRA"]

1. e4 c5 2. Nc3 Nc6 3. Bb5 Nd4 4. Bc4 g6 5. d3 Bg7 6. Nf3 e6 7. O-O Ne7 8. Re1
O-O 9. Bf4 d6 10. Nb5 Nxb5 11. Bxb5 a6 12. Bc4 b5 13. Bb3 Bxb2 14. Rb1 Bg7 15.
Qd2 Qd7 16. Bh6 Nc6 17. Bxg7 Kxg7 18. Qe3 Na5 19. c4 Nxb3 20. axb3 b4 21. e5
Bb7 22. Ng5 h6 23. Nh3 Qc6 24. f3 Rad8 25. Qf4 f5 26. exf6+ Rxf6 27. Qg4 e5 28.
f4 Bc8 29. Qg3 Bxh3 30. fxe5 dxe5 31. gxh3 Qd6 32. Rxe5 Qxd3 33. Re7+ Rf7 34.
Qe5+ Kg8 35. Re8+ Rxe8 36. Qxe8+ Kg7 37. Qe5+ Kh7 38. Re1 Qd4+ 39. Qxd4 cxd4
40. Rd1 1-0

[Event "IX Floripa Chess Open Fort Atacadista"]
[Site "Florianópolis - Santa Catari"]
[Date "2023.01.25"]
[Round "4.193"]
[White "Zottis, Pietro"]
[Black "Da Cruz, Emerson"]
[Result "0-1"]
[WhiteElo "1316"]
[BlackElo "1615"]
[PlyCount "116"]
[EventDate "2023.01.23"]
[EventRounds "10"]
[EventCountry "BRA"]

1. d4 Nf6 2. Bf4 g6 3. e3 Bg7 4. Nf3 O-O 5. Be2 d6 6. c3 Nbd7 7. O-O b6 8. Nbd2
Bb7 9. Qc2 c5 10. Bg3 Rc8 11. Rad1 cxd4 12. exd4 Nh5 13. Rfe1 Nxg3 14. hxg3 Nf6
15. Qb1 Qd7 16. Bd3 Rc7 17. Re2 b5 18. a3 a5 19. Rde1 e6 20. Rc1 Rfc8 21. Ree1
Nd5 22. Be4 Nb6 23. Bxb7 Rxb7 24. Qd3 Rbc7 25. Kf1 d5 26. b3 a4 27. bxa4 Nxa4
28. Nb1 Qc6 29. Rc2 Qa6 30. Rec1 Qa5 31. Nfd2 Bf8 32. Nb3 Qb6 33. N3d2 Qa6 34.
Ke1 h5 35. f3 Bh6 36. Kf2 Bxd2 37. Qxd2 Kg7 38. f4 Qb6 39. Qe3 Qd6 40. Ke2 Nb6
41. Qe5+ Qxe5+ 42. dxe5 Rc4 43. Kd3 Ra4 44. Rb2 Rc5 45. Rb3 h4 46. Rb4 hxg3 47.
Rf1 Ra8 48. Rf3 Rh8 49. Rxg3 Rh1 50. Rb3 Na4 51. Rf3 Rg1 52. Rf2 Kh6 53. Kd2
Kh5 54. Ke2 Rxb1 55. Rxb1 Nxc3+ 56. Kf3 Nxb1 57. g3 Rc3+ 58. Kg2 Kg4 0-1

[Event "IX Floripa Chess Open Fort Atacadista"]
[Site "Florianópolis - Santa Catari"]
[Date "2023.01.25"]
[Round "4.194"]
[White "Martins, Arthur Francisco"]
[Black "Tischler Lema Garcia, Maria Eduarda"]
[Result "1-0"]
[WhiteElo "1610"]
[BlackElo "1246"]
[PlyCount "79"]
[EventDate "2023.01.23"]
[EventRounds "10"]
[EventCountry "BRA"]

1. b3 d5 2. Bb2 e6 3. e3 Nf6 4. f4 Bd6 5. Nf3 O-O 6. Be2 b6 7. O-O Bb7 8. d3
Nbd7 9. Nbd2 Rc8 10. Qe1 c5 11. Ne5 Qc7 12. Qg3 Rfe8 13. Nxd7 Qxd7 14. Bxf6 Bf8
15. Rf3 d4 16. e4 Kh8 17. Bh4 Bd6 18. Qg4 Rg8 19. Rh3 Rcf8 20. Qh5 f5 21. Bg5
g6 22. Qh4 h5 23. Bxh5 Qh7 24. Bf6+ Rg7 25. Bxg6 Qxh4 26. Rxh4+ Kg8 27. Bxg7
Kxg7 28. e5 Be7 29. Rh7+ Kxg6 30. Rxe7 Rb8 31. Rxe6+ Kh5 32. Rf6 Kg4 33. g3 Re8
34. Rg6+ Kh5 35. Rg5+ Kh6 36. Rxf5 Bc8 37. Rf6+ Kg7 38. Nc4 Bb7 39. Nd6 Rb8 40.
Rf7+ 1-0

[Event "IX Floripa Chess Open Fort Atacadista"]
[Site "Florianópolis - Santa Catari"]
[Date "2023.01.25"]
[Round "4.195"]
[White "Feller, Isadora Cristina Vi"]
[Black "Teramoto, Anderson"]
[Result "1/2-1/2"]
[WhiteElo "1310"]
[BlackElo "1607"]
[PlyCount "90"]
[EventDate "2023.01.23"]
[EventRounds "10"]
[EventCountry "BRA"]

1. e4 c6 2. d4 d5 3. f3 e6 4. Nc3 Nf6 5. e5 Nfd7 6. f4 a6 7. a4 c5 8. Nf3 Nc6
9. Be3 Qb6 10. Rb1 cxd4 11. Nxd4 Bc5 12. Nce2 Nxd4 13. Nxd4 Qc7 14. c3 Be7 15.
Bd3 Nc5 16. Bc2 b6 17. O-O Bb7 18. f5 O-O-O 19. fxe6 Nxe6 20. Bf5 Bc5 21. Kh1
Rde8 22. Qg4 Bxd4 23. cxd4 Kb8 24. Rbc1 Qe7 25. Bxe6 fxe6 26. Rc2 Rhf8 27. Rcc1
h6 28. Bd2 a5 29. h3 Ba6 30. Rf3 Be2 31. Qg3 Bxf3 32. gxf3 Rf5 33. f4 Rff8 34.
Qb3 Qb7 35. Qb5 Rc8 36. Rg1 Rc4 37. Rg6 Rc6 38. b4 axb4 39. Bxb4 Rxf4 40. Bd6+
Ka7 41. a5 bxa5 42. Qxa5+ Qa6 43. Rxg7+ Ka8 44. Rg8+ Ka7 45. Rg7+ Ka8 1/2-1/2

[Event "IX Floripa Chess Open Fort Atacadista"]
[Site "Florianópolis - Santa Catari"]
[Date "2023.01.25"]
[Round "4.197"]
[White "Elesbao, Bernardo Dartora"]
[Black "Sombrio, Otto De Henrique"]
[Result "1-0"]
[WhiteElo "1604"]
[BlackElo "1239"]
[PlyCount "55"]
[EventDate "2023.01.23"]
[EventRounds "10"]
[EventCountry "BRA"]

1. e4 c5 2. Nf3 d6 3. d4 cxd4 4. Nxd4 Nf6 5. f3 e5 6. Nb3 Nc6 7. Be3 Be7 8. c4
O-O 9. Nc3 a6 10. Be2 Be6 11. O-O Rc8 12. Nd2 Nd7 13. a3 f5 14. f4 Nb6 15. exf5
Bxf5 16. Nd5 Nxd5 17. cxd5 Nb8 18. fxe5 dxe5 19. Nc4 Bd6 20. b4 Bg6 21. Qb3 Kh8
22. Bg4 Rxc4 23. Rxf8+ Qxf8 24. Qxc4 h6 25. Rf1 Qd8 26. h4 e4 27. Bc5 Bxc5+ 28.
Qxc5 1-0

[Event "IX Floripa Chess Open Fort Atacadista"]
[Site "Florianópolis - Santa Catari"]
[Date "2023.01.25"]
[Round "4.198"]
[White "Marocco, Gabriel Leao Quadro"]
[Black "Marcal Braganca, Joao Victor"]
[Result "1-0"]
[WhiteElo "1598"]
[BlackElo "1235"]
[PlyCount "50"]
[EventDate "2023.01.23"]
[EventRounds "10"]
[EventCountry "BRA"]

1. e4 e6 2. d4 d5 3. Nc3 Nf6 4. Bg5 dxe4 5. Bxf6 gxf6 6. Nxe4 f5 7. Ng3 Nc6 8.
c3 Bd7 9. Nf3 Qe7 10. Qc2 O-O-O 11. O-O-O e5 12. dxe5 Nxe5 13. Nxf5 Qf6 14.
N5d4 Ng4 15. h3 Ne5 16. Nxe5 Qxe5 17. Kb1 Bh6 18. Bd3 Qg7 19. g3 Kb8 20. Bf5
Be8 21. b3 f6 22. Ne6 Rxd1+ 23. Rxd1 Bh5 24. Nxg7 Bxd1 25. Qxd1 Bxg7 1-0

[Event "IX Floripa Chess Open Fort Atacadista"]
[Site "Florianópolis - Santa Catari"]
[Date "2023.01.25"]
[Round "4.199"]
[White "Torrico Castro, Raikonen Dairo"]
[Black "Luz, Christian Oliveira"]
[Result "0-1"]
[WhiteElo "1286"]
[BlackElo "1594"]
[PlyCount "55"]
[EventDate "2023.01.23"]
[EventRounds "10"]
[EventCountry "BRA"]

1. e4 c5 2. Nf3 Nc6 3. d4 cxd4 4. Nxd4 e5 5. Nb5 d6 6. a4 a6 7. N5a3 Nf6 8. Nc3
Be7 9. Be3 Rb8 10. Be2 O-O 11. O-O Be6 12. Qd2 d5 13. exd5 Nxd5 14. Bf3 Ndb4
15. Rad1 Qxd2 16. Rxd2 Rbd8 17. Rfd1 Rxd2 18. Rxd2 Rd8 19. Rxd8+ Bxd8 20. Bc5
b6 21. Bd6 f5 22. Be2 Be7 23. Bxb4 Nxb4 24. Nd1 a5 25. Ne3 e4 26. Bc4 Bxc4 27.
Naxc4 f4 28. Nd1 0-1

[Event "IX Floripa Chess Open Fort Atacadista"]
[Site "Florianópolis - Santa Catari"]
[Date "2023.01.25"]
[Round "4.200"]
[White "Soares, Suyane"]
[Black "Mauro, Roberto Da Silva"]
[Result "0-1"]
[WhiteElo "1250"]
[BlackElo "1590"]
[PlyCount "100"]
[EventDate "2023.01.23"]
[EventRounds "10"]
[EventCountry "BRA"]

1. d4 d5 2. e3 Nf6 3. Bd3 c5 4. c3 cxd4 5. cxd4 Nc6 6. f4 Qb6 7. Nd2 Bg4 8.
Ngf3 e6 9. a3 Bd6 10. O-O Ne7 11. Qe1 Bf5 12. Be2 O-O 13. Ne5 Bxe5 14. fxe5 Ne4
15. Nf3 Rac8 16. Nh4 Qb3 17. Nxf5 Nxf5 18. Bd1 Qd3 19. Rf3 Rc7 20. Be2 Qc2 21.
Bd1 Qd3 22. g4 Rfc8 23. Be2 Ng5 24. Rf1 Qe4 25. h4 Nxe3 26. Bxe3 Qxe3+ 27. Kh1
Ne4 28. Rf3 Qxd4 29. Rb1 Qxe5 30. Bd3 f6 31. Qd1 Qd6 32. Bxe4 Qb6 33. Bd3 e5
34. Be2 d4 35. b4 e4 36. Rf4 Re7 37. Rc1 Rd8 38. Qb3+ Kh8 39. Qc4 Qd6 40. Rf5
h6 41. Bf1 Qg3 42. Bg2 Qxh4+ 43. Kg1 Qxg4 44. Rff1 f5 45. Rcd1 e3 46. Rfe1 h5
47. Kh2 Qh4+ 48. Kg1 Qf2+ 49. Kh2 Re4 50. Rxd4 Rexd4 0-1

[Event "IX Floripa Chess Open Fort Atacadista"]
[Site "Florianópolis - Santa Catari"]
[Date "2023.01.25"]
[Round "4.201"]
[White "Ferreira, Carlos Eduardo"]
[Black "Favaretto, Felipe Della Preve"]
[Result "0-1"]
[WhiteElo "1585"]
[BlackElo "1207"]
[PlyCount "84"]
[EventDate "2023.01.23"]
[EventRounds "10"]
[EventCountry "BRA"]

1. e4 c6 2. d4 d5 3. e5 Bf5 4. Bd3 Bxd3 5. Qxd3 e6 6. Nf3 Nd7 7. a4 Ne7 8. a5
Nf5 9. O-O Be7 10. Re1 O-O 11. Nbd2 c5 12. c3 c4 13. Qb1 b6 14. Nf1 bxa5 15.
Qa2 Qb6 16. Qxa5 Rab8 17. Qa4 Qb5 18. Qc2 h6 19. Rb1 Qb3 20. Qe2 Qa2 21. Be3
Ba3 22. Qc2 Rxb2 23. Rxb2 Qxb2 24. Re2 Qxc2 25. Rxc2 Nxe3 26. Nxe3 Rb8 27. Kf1
Rb2 28. Ke2 Rxc2+ 29. Nxc2 Bb2 30. Kd2 Nb6 31. Ng1 a5 32. f4 Kh7 33. Ne2 Kg6
34. g3 Kf5 35. Ne3+ Ke4 36. Nd1 Na4 37. Ng1 Kf5 38. h4 Kg6 39. g4 h5 40. g5 Kf5
41. Kc2 Ba3 42. Nf2 Kxf4 0-1

[Event "IX Floripa Chess Open Fort Atacadista"]
[Site "Florianópolis - Santa Catari"]
[Date "2023.01.25"]
[Round "4.202"]
[White "Melo, Sergio Roberto Samp"]
[Black "Jurado, Laura Alves"]
[Result "1-0"]
[WhiteElo "1580"]
[BlackElo "1186"]
[PlyCount "73"]
[EventDate "2023.01.23"]
[EventRounds "10"]
[EventCountry "BRA"]

1. Nf3 d5 2. b3 Bf5 3. Bb2 e6 4. c4 c6 5. g3 Nf6 6. Bg2 Bd6 7. O-O Nbd7 8. d4
Ne4 9. Nh4 g5 10. Nxf5 exf5 11. f3 Nef6 12. e4 fxe4 13. fxe4 Nxe4 14. Bxe4 dxe4
15. Nc3 Qe7 16. Nxe4 O-O-O 17. Nxd6+ Qxd6 18. Rxf7 Nf6 19. Qf3 Rhf8 20. Qf5+
Kb8 21. Rxf8 Rxf8 22. Qxg5 Qd7 23. Qe5+ Ka8 24. Rf1 Qd8 25. Qe6 Nh5 26. Rxf8
Qxf8 27. Qe5 Nf6 28. Qe6 a6 29. Bc1 Qd8 30. Be3 Qa5 31. Bf2 Qg5 32. Qc8+ Ka7
33. d5+ b6 34. Qc7+ Ka8 35. Qxc6+ Kb8 36. Qxb6+ Kc8 37. Qxa6+ 1-0

[Event "IX Floripa Chess Open Fort Atacadista"]
[Site "Florianópolis - Santa Catari"]
[Date "2023.01.25"]
[Round "4.203"]
[White "Guerra, Frederico Cavalcant"]
[Black "Furtado, Tiago Cicotti"]
[Result "0-1"]
[WhiteElo "1239"]
[BlackElo "1580"]
[PlyCount "86"]
[EventDate "2023.01.23"]
[EventRounds "10"]
[EventCountry "BRA"]

1. e4 c5 2. Nf3 e6 3. d4 cxd4 4. Nxd4 Nf6 5. Nc3 d6 6. Bd3 Be7 7. O-O a6 8. Bg5
Qc7 9. Nf3 Nbd7 10. Re1 O-O 11. a4 b6 12. Qe2 Bb7 13. e5 Bxf3 14. exd6 Bxe2 15.
dxc7 Bxd3 16. cxd3 Bd6 17. Rac1 Rac8 18. Ne4 Nxe4 19. dxe4 Rxc7 20. Rxc7 Bxc7
21. Rd1 Nc5 22. Be7 Rb8 23. Rc1 Be5 24. Bxc5 bxc5 25. Rxc5 Bxb2 26. g3 g6 27.
Rc6 a5 28. Rc5 Ra8 29. Kg2 Bd4 30. Rb5 Bc3 31. h4 h5 32. f3 Rd8 33. g4 hxg4 34.
fxg4 Rd4 35. Rc5 Bb4 36. Rc8+ Kg7 37. Kf3 Rd3+ 38. Kf4 Bd6+ 39. e5 Be7 40. h5
Rd4+ 41. Kf3 gxh5 42. gxh5 Rh4 43. Ra8 Bb4 0-1

[Event "IX Floripa Chess Open Fort Atacadista"]
[Site "Florianópolis - Santa Catari"]
[Date "2023.01.25"]
[Round "4.204"]
[White "Lima Miranda, Caio Cesar"]
[Black "Solaeche G., Axel Jose"]
[Result "1-0"]
[WhiteElo "1579"]
[BlackElo "1106"]
[PlyCount "95"]
[EventDate "2023.01.23"]
[EventRounds "10"]
[EventCountry "BRA"]

1. e4 c5 2. Nf3 e6 3. d4 cxd4 4. Nxd4 d6 5. Nc3 a6 6. Be3 Nf6 7. Be2 Be7 8. O-O
O-O 9. f4 Bd7 10. Qe1 Nc6 11. Qg3 Re8 12. f5 Nxd4 13. Bxd4 exf5 14. exf5 Bc6
15. Rad1 Rc8 16. Bf3 Bxf3 17. Rxf3 Rc6 18. Nd5 Nh5 19. Qg4 Nf6 20. Qg5 h6 21.
Nxf6+ Bxf6 22. Bxf6 Qxf6 23. Qxf6 gxf6 24. c3 Re2 25. Rf2 Rxf2 26. Kxf2 Rc5 27.
g4 h5 28. Rxd6 hxg4 29. Rxf6 Kg7 30. Rb6 Rxf5+ 31. Kg3 Ra5 32. a3 Rh5 33. Rxb7
Rh3+ 34. Kg2 Rd3 35. Rb4 Rd2+ 36. Kg3 Kf8 37. Kxg4 Rxh2 38. Kf5 a5 39. Rb7 Rf2+
40. Ke5 Re2+ 41. Kf4 Rf2+ 42. Ke3 Rf6 43. Rb5 Re6+ 44. Kd3 Kg7 45. Rxa5 Kg6 46.
b4 f5 47. b5 f4 48. Ra6 1-0

[Event "IX Floripa Chess Open Fort Atacadista"]
[Site "Florianópolis - Santa Catari"]
[Date "2023.01.25"]
[Round "4.205"]
[White "Esquinelato, Marcos Vinicius Mol"]
[Black "Carneiro, Claudionor Chaves"]
[Result "0-1"]
[WhiteElo "1237"]
[BlackElo "1577"]
[PlyCount "40"]
[EventDate "2023.01.23"]
[EventRounds "10"]
[EventCountry "BRA"]

1. e4 e6 2. Nf3 d5 3. exd5 exd5 4. d4 Bg4 5. h3 Bh5 6. Be2 Nf6 7. Bg5 Be7 8.
O-O h6 9. Bf4 Nc6 10. c3 g5 11. Bg3 Ne4 12. Bh2 O-O 13. Ne5 Bxe2 14. Qxe2 Nxe5
15. Bxe5 Bd6 16. f3 Ng3 17. Bxg3 Bxg3 18. Nd2 Qe8 19. Qd3 Qe6 20. Rad1 (20.
Rfd1 Rae8 21. Nf1 Qd6 22. Rd2 Re6 23. Qf5 Rfe8 24. Qg4 Bf4 25. Rf2 Re1 26. Rxe1
Rxe1 27. h4 Be3 28. hxg5 hxg5 29. g3 Qa6 30. Qh3 Qe2 31. Qg2 Qxb2 32. f4 Qxa2
33. Qf3 Qxf2+ 34. Qxf2 Bxf2+ 35. Kxf2 Rxf1+ 36. Kxf1 gxf4 37. gxf4 Kg7) 20...
Rae8 0-1

[Event "IX Floripa Chess Open Fort Atacadista"]
[Site "Florianópolis - Santa Catari"]
[Date "2023.01.25"]
[Round "4.206"]
[White "De Souza, Lucio Teixeira"]
[Black "Cunha, Paola De Oliveira"]
[Result "1-0"]
[WhiteElo "1568"]
[BlackElo "1838"]
[PlyCount "75"]
[EventDate "2023.01.23"]
[EventRounds "10"]
[EventCountry "BRA"]

1. c4 Nf6 2. Nc3 g6 3. g3 Bg7 4. Bg2 O-O 5. e4 d6 6. Nge2 e5 7. d3 Nc6 8. O-O
Be6 9. h3 Qd7 10. Kh2 Ne7 11. a3 a5 12. b3 b6 13. Rb1 c5 14. Nd5 Nexd5 15. cxd5
Rab8 16. dxe6 Qxe6 17. Bg5 b5 18. Bxf6 Bxf6 19. Nc3 b4 20. axb4 axb4 21. Nd5
Rfc8 22. h4 Kg7 23. Bh3 Qe8 24. Bxc8 Qxc8 25. Qf3 Bd8 26. Ra1 Ra8 27. Qe2 Ra3
28. Qb2 Qa6 29. Rfd1 Rxa1 30. Qxa1 Qb7 31. Qa4 Qc8 32. Ne3 Bb6 33. Qb5 Qc7 34.
Nd5 Qa7 35. Qxb6 Qa3 36. Qxd6 Qxb3 37. Qxe5+ Kf8 38. Qh8# 1-0